000 00472nam a22001457a 4500
999 _c1584
_d1584
008 160407b xxu||||| |||| 00| 0 eng d
020 _a971-550-490-6
082 _22005
_aDFil 899.2113
_bL23b
100 _94940
_aLandicho, Domingo G.
245 _aBathaluman :
_bat ibang kuwento/
_cDomingo G. Landicho.
260 _aQuezon City:
_bAteneo de Manila University Press,
_cc2005.
300 _a237 pages;
_c18 cm.
650 0 _94941
_aShort stories, Filipino.
942 _2ddc
_cDFIL